000 00561nam a22001937a 4500
005 20250507114419.0
008 250507b |||||||| |||| 00| 0 eng d
020 _a9789393885814
041 _aEng
082 _a610.7368/GEE
100 _aGee Sumathy
_9212015
245 _a5th and 6th Semester Practical Record Book for Child Health Nursing BSC Nursing As per INC Syllabus for BSc Nursing
250 _a1st
260 _bEMMESS Medical Publisher
_c2024
300 _a322 P.
365 _aRs
_b489
_cRs
650 _aChild Health Nursing
942 _cDB
999 _c366245
_d366245